| 000 | 00517nam a2200169 i 4500 | ||
|---|---|---|---|
| 001 | 41820 | ||
| 003 | ES-MaACL | ||
| 005 | 20230906160510.0 | ||
| 007 | t| | ||
| 008 | 030311s1906 ec ||||1| spa d | ||
| 100 | 1 |
_aCasares, Manuel María. _936158 |
|
| 245 | 1 | 4 |
_aLos restos del Sucre _b: contestación a la réplica del Dr. A. Muñoz Vernaza / _cpor Manual María Casares. |
| 260 |
_aQuito : _bJ. Sènz, _c1906. |
||
| 300 |
_a176 p. ; _c23 cm. |
||
| 700 | 1 |
_aMuñoz Vernaza, A. _984512 |
|
| 852 |
_aES-MaACL _jG-7636 |
||
| 999 |
_c41820 _d41820 |
||